000 00743nam a2200265Ia 4500
003 OSt
005 20221006160057.0
006 a|||||r|||| 00| 0
007 ta
008 221006b |||||||| |||| 00| 0 eng d
020 _a9788984997035
_c
_65.00
024 _a44,226
037 _bGift, KCC (Window on Korea)
_cTextual
040 _aEASL
_cEASL
_beng
041 _2eng
_aeng
082 _aNW495v, P6
100 _aKim Mee hyun Ed.
_9671799
245 0 _aKorean cinema from origins to renaissance
260 _aSeoul
_bCommbooks
_c2006
300 _a511p.
_ccm.
490 _v KEL
650 _aKEL
942 _hNW495v, P6
_cTEXL
_2CC
999 _c1112318
_d1112318